| 000 | 00691nam a2200181 i 4500 | ||
|---|---|---|---|
| 001 | 72681 | ||
| 003 | ES-MaACL | ||
| 005 | 20230906171523.0 | ||
| 007 | t| | ||
| 008 | 040902s1966 sp ||||1| spa d | ||
| 100 | 1 |
_aGoeben, Augustus von. _957552 |
|
| 245 | 1 | 0 |
_aCuatro años en España _b: los carlistas, su levantamiento, su lucha y su ocaso / _cAugustus von Goeben ; prólogo, traducción y notas de Luis Ruiz Hernández. |
| 260 |
_aPamplona : _bInstitución Príncipe de Viana, _c1966. |
||
| 300 |
_a462 p., 5 lám. ; _c25 cm. |
||
| 651 | 4 |
_aEspaña- _xHistoria- _y1833-1876, Guerras carlistas. _98253 |
|
| 700 | 1 |
_aRuiz Hernández, Luis. _9100832 |
|
| 852 |
_aES-MaACL _jC-31271 _bR.61779 |
||
| 999 |
_c72681 _d72681 |
||